Logo CIB grande

El patrimonio geominero en el contexto de la ordenación territorial (Registro nro. 225545)

Detalles MARC
000 -LEADER
campo de control de longitud fija 00841nam a2200277Ia 4500
005 - FECHA Y HORA DE LA ÚLTIMA TRANSACCIÓN
campo de control 20250425162245.0
008 - DATOS DE LONGITUD FIJA--INFORMACIÓN GENERAL
campo de control de longitud fija 250425s9999 xx 000 0 und d
020 ## - NÚMERO INTERNACIONAL ESTÁNDAR DEL LIBRO
Número Internacional Estándar del Libro 997844615X
041 ## - CÓDIGO DE IDIOMA
Código de lengua del texto/banda sonora o título independiente spa
043 ## - CÓDIGO DE ÁREA GEOGRÁFICA
Código de área geográfica ec
082 ## - NÚMERO DE LA CLASIFICACIÓN DECIMAL DEWEY
Número de clasificación 333.765
Iniciales del Autor MAR
010 ## - NÚMERO DE CONTROL DE LA BIBLIOTECA DEL CONGRESO
Número de control de LC 58944
100 ## - ENTRADA PRINCIPAL--NOMBRE DE PERSONA
Nombre de persona Martins, Luis, ed.
245 #0 - MENCIÓN DEL TÍTULO
Título El patrimonio geominero en el contexto de la ordenación territorial
Mención de responsabilidad, etc. editado por Luis Martins y Paúl Carrión
250 ## - MENCION DE EDICION
Mención de edición Primera edición
260 ## - PUBLICACIÓN, DISTRIBUCIÓN, ETC.
Lugar de publicación, distribución, etc. Guayaquil
Nombre del editor, distribuidor, etc. ESPOL
Fecha de publicación, distribución, etc. 2005
300 ## - DESCRIPCIÓN FÍSICA
Extensión 467 páginas
Otras características físicas ilustraciones
Dimensiones 20 cm.
504 ## - NOTA DE BIBLIOGRAFÍA, ETC.
Nota de bibliografía, etc. Nota Incluye bibliografía
650 ## - PUNTO DE ACCESO ADICIONAL DE MATERIA--TÉRMINO DE MATERIA
Término de materia o nombre geográfico como elemento de entrada Mineralogía - Desarrollo Sostenible
650 ## - PUNTO DE ACCESO ADICIONAL DE MATERIA--TÉRMINO DE MATERIA
Término de materia o nombre geográfico como elemento de entrada Mineralogía - Estudio de casos
650 ## - PUNTO DE ACCESO ADICIONAL DE MATERIA--TÉRMINO DE MATERIA
Término de materia o nombre geográfico como elemento de entrada Patrimonio Geominero - Zaruma
650 ## - PUNTO DE ACCESO ADICIONAL DE MATERIA--TÉRMINO DE MATERIA
Término de materia o nombre geográfico como elemento de entrada Recursos mineros
700 ## - ENTRADA AGREGADA--NOMBRE PERSONAL
Nombre de persona Carrión, Paúl, ed.
902 ## - ELEMENTOS DE DATOS B LOCAL, LDB (RLIN)
c Impreso
942 ## - ELEMENTOS DE ENTRADA SECUNDARIOS (KOHA)
Tipo de ítem Koha Libros
Existencias
Estatus retirado Estado de pérdida Estado de daño No para préstamo Biblioteca de origen Biblioteca actual Fecha de adquisición Coste, precio normal de compra Total de préstamos Código de barras Copia número Ubicación en estantería Nota pública Tipo de ítem Koha Etiqueta RFID
        CENTRO DE INFORMACIÓN BIBLIOTECARIA CENTRO DE INFORMACIÓN BIBLIOTECARIA 26/06/2009 7.00   D-691991 54        
        CENTRO DE INFORMACIÓN BIBLIOTECARIA CENTRO DE INFORMACIÓN BIBLIOTECARIA 20/08/2007 15.00   D-36194 1     Libros  
        CENTRO DE INFORMACIÓN BIBLIOTECARIA CENTRO DE INFORMACIÓN BIBLIOTECARIA 22/06/2009 15.00   D-64532 33   ESPOL. FIMCBOR: TURISMO Libros 0000000000000000036316
        ESCUELA DE NEGOCIOS ESCUELA DE NEGOCIOS 04/07/2009 10.00   D-P 10045 55   DONADO    
        ESCUELA DE NEGOCIOS ESCUELA DE NEGOCIOS 04/07/2009 10.00   D-P 10046 56   DONADO    
        ESCUELA DE NEGOCIOS ESCUELA DE NEGOCIOS 04/07/2009 10.00   D-P 10047 57   DONADO    

Copyright 2025 ESPOL. Todos los derechos reservados.